000 00608nam a2200241 a 4500
001 nice12345678
003 IN_TiNIC
005 20260116013111.0
008 070906s1990 cama grp 000 0 eng
020 _a0521397006
_c100
082 0 0 _a322.109581
_bROY1
100 _aRoy, Oliver
245 _aIslam and Resistance in Afghanistan
260 _aCambridge
_bCambridge University Press
_c1990
300 _a270p
500 _aincludes index and biblioraphy
505 2 _aindex
650 _aIslam and Politics
700 1 _aRoy, Oliver
902 _bSRS
942 _cBK
999 _c9646
_d9646